Simon and Garfunkel - Cecilia Lyrics - Statistics

General Stats
  • This quiz has been taken 167 times
  • The average score is 51 of 65
Answer Stats
Lyric % Correct
Chorus2 Cecilia
99%
Verse Cecilia
99%
Chorus2 you
99%
Chorus my
98%
Chorus my
98%
Chorus2 my
98%
Verse my
98%
Verse2 my
98%
Verse2 my
98%
Verse2 I
97%
Verse2 I
97%
Outro I
97%
Chorus heart
95%
Chorus2 Oh
94%
Chorus breaking
93%
Chorus2 to
93%
Verse2 to
93%
Verse2 to
93%
Chorus you’re
93%
Chorus You’re
93%
Chorus2 come
92%
Verse2 come
92%
Chorus2 I’m
92%
Chorus2 I’m
92%
Chorus2 on
91%
Outro on
91%
Chorus2 begging
90%
Chorus2 down
90%
Chorus2 please
90%
Chorus2 knees
89%
Chorus2 home
88%
Chorus confidence
86%
Chorus shaking
84%
Verse in
83%
Verse in
83%
Verse love
82%
Verse the
81%
Outro the
81%
Verse2 bed
80%
Verse Up
78%
Verse2 up
78%
Verse afternoon
75%
Chorus daily
75%
Verse Making
75%
Verse with
75%
Verse2 back
74%
Verse2 When
74%
Verse2 face
72%
Verse2 place
72%
Verse2 wash
71%
Verse2 taken
68%
Verse bedroom
67%
Verse2 got
63%
Verse2 Someone’s
63%
Outro and
54%
Outro me
49%
Outro she
44%
Outro again
40%
Outro Jubilation
40%
Outro loves
40%
Outro floor
37%
Outro laughing
34%
Outro fall
33%
Chorus ‘Cilia
29%
Outro die
10%
No matching quizzes found
Score Distribution
Percent of People with Each Score
Percentile by Number Answered
Your Score History
You have not taken this quiz